000 01545nam a2200253 a 4500
001 BS0003231
003 BR-BrBNA
005 20230418192245.0
008 230308b |||||||| |||| 00| 0 por d
040 _aBR-BrBNA
_bpor
_cBiblioteca Nacional de Agricultura
041 _apor
072 _aB59
090 _aB59 BS0003231
100 1 _aKardec, Allan.
245 1 _aObras Póstumas /
250 1 _a28. ed.
260 3 _aAraras, SP:
_bInstituto de Difusão Espírita.,
_c2008.
300 _a288 p.
500 _aTitulo Original : Oeuvres Posthumes. Tradução de Salvador Gentile.
520 3 _aVasto material doutrinário deixado por Kardec em seu escritório de trabalho, quando regressou ao Mundo Espiritual, foi reunido, em face de seu inestimável valor, constituindo este livro. Dentre os temas aqui abordados, citaremos: Manifestações dos Espíritos, Estudo sobre a natureza do Cristo, Fotografia e telegrafia do pensamento, Música celeste, Conhecimento do futuro. Na Segunda Parte, a obra apresenta uma colecnea de mensagens mediúnicas e estudos do autor que constituiria o livro Previsões concernentes ao Espiritismo.No final desta obra, há um índice Analítico dos Assuntos, reunindo, em ordem alfabética, todos os verbetes que podem interessar aos estudiosos.AlIan Kardec, quando redigiu seus livros, escreveu para o povo, em linguagem simples, e, sendo esta uma tradução literal, a linguagem simples original ficou preservada.
650 _aESPIRITISMO
909 _a202304
_bSergio Santos
_c56
_dSergio Santos
942 _cBK
999 _c8294
_d8294